[Event "Gatineau Hull CC-chB"]
[Site "Gatineau"]
[Date "2009.05.05"]
[Round "4"]
[White "Berthiaume, Patrick"]
[Black "Duret, Serge"]
[Result "1-0"]
[WhiteElo "1172"]
[BlackElo "1007"]
[PlyCount "45"]
[EventDate "2009.04.14"]
[EventType "swiss"]
[EventRounds "5"]
[EventCountry "CAN"]
[SourceTitle "EXT 2011"]
[Source "ChessBase"]
[SourceDate "2010.11.26"]
[SourceVersion "1"]
[SourceVersionDate "2010.11.26"]
[SourceQuality "1"]

1. e4 c5 2. Nf3 Nc6 3. d4 cxd4 4. Nxd4 Nf6 5. Nc3 g6 6. Bc4 Bg7 7. Nb3 d6 8. f3 0-0 9. Be3 Qc7 10. Qd2 Nb4 11. Be2 d5 12. a3 Na6 13. exd5 Rd8 14. 0-0-0 e6 15. d6 Qc6 16. Bb5 Qxd6 17. Qxd6 Rxd6 18. Rxd6 e5 19. Rhd1 Be6 20. Rd8+ Rxd8 21. Rxd8+ Bf8 22. Bxa6 bxa6 23. Nc5 1-0

[Event "Gatineau Fischer Memorial"]
[Site "Gatineau"]
[Date "2009.02.24"]
[Round "6"]
[White "Duret, Serge"]
[Black "Rainey, Ivan"]
[Result "1-0"]
[WhiteElo "990"]
[BlackElo "1456"]
[PlyCount "47"]
[EventDate "2009.01.20"]
[EventType "swiss"]
[EventRounds "6"]
[EventCountry "CAN"]
[SourceTitle "EXT 2011"]
[Source "ChessBase"]
[SourceDate "2010.11.26"]
[SourceVersion "1"]
[SourceVersionDate "2010.11.26"]
[SourceQuality "1"]

1. e4 c6 2. d4 d5 3. e5 Bf5 4. Bd3 Bxd3 5. Qxd3 e6 6. Nf3 a6 7. 0-0 c5 8. c3 Nc6 9. Ng5 h5 10. Qf3 Qc7 11. Be3 cxd4 12. cxd4 Nh6 13. Nc3 0-0-0 14. Rfc1 Nf5 15. Rd1 Re8 16. Rac1 f6 17. Nxe6 Rxe6 18. Qxf5 Qf7 19. Nxd5 g6 20. Qf3 f5 21. Nb4 Bxb4 22. d5 Rxe5 23. Bd4 Kd8 24. dxc6 1-0

[Event "Gatineau Fischer Memorial"]
[Site "Gatineau"]
[Date "2009.02.17"]
[Round "5"]
[White "Berthiaume, Serge"]
[Black "Duret, Serge"]
[Result "1-0"]
[WhiteElo "1356"]
[BlackElo "990"]
[PlyCount "39"]
[EventDate "2009.01.20"]
[EventType "swiss"]
[EventRounds "6"]
[EventCountry "CAN"]
[SourceTitle "EXT 2011"]
[Source "ChessBase"]
[SourceDate "2010.11.26"]
[SourceVersion "1"]
[SourceVersionDate "2010.11.26"]
[SourceQuality "1"]

1. d4 d5 2. Nf3 Nf6 3. Bf4 e6 4. e3 Be7 5. Nc3 Nc6 6. Nb5 Bd6 7. Nxd6+ cxd6 8. Bd3 e5 9. dxe5 dxe5 10. Nxe5 Nxe5 11. Bxe5 Ng4 12. Bxg7 Rg8 13. Bc3 Qh4 14. Bb5+ Bd7 15. Bxd7+ Kxd7 16. Qxd5+ Kc8 17. Qf5+ Kd8 18. 0-0-0+ Ke8 19. Bb4 Rd8 20. Qe4+ 1-0

[Event "Gatineau Defi Nez rouge B"]
[Site "Gatineau"]
[Date "2009.01.06"]
[Round "5"]
[White "Menard, Marc"]
[Black "Duret, Serge"]
[Result "1-0"]
[WhiteElo "1593"]
[BlackElo "1001"]
[PlyCount "86"]
[EventDate "2008.11.25"]
[EventType "swiss"]
[EventRounds "5"]
[EventCountry "CAN"]
[SourceTitle "EXT 2022"]
[Source "ChessBase"]
[SourceDate "2021.10.06"]
[SourceVersion "1"]
[SourceVersionDate "2021.10.06"]
[SourceQuality "1"]

1. e4 c5 2. Nf3 Nc6 3. d4 cxd4 4. Nxd4 d6 5. Nc3 Nf6 6. Bb5 Bd7 7. 0-0 g6 8. Bg5 e5 9. Nd5 Bg7 10. Nb3 0-0 11. f3 a6 12. Bxc6 bxc6 13. Nc3 Qb6+ 14. Kh1 c5 15. Qd2 c4 16. Nc1 Qxb2 17. Rb1 Qa3 18. Rb6 Rab8 19. Rxd6 Rb2 20. Bxf6 Ba4 21. Nxa4 Qxa4 22. Bxg7 Kxg7 23. h3 Qxc2 24. Qxc2 Rxc2 25. Rxa6 Rc8 26. Rd1 c3 27. Nb3 Rb2 28. Kh2 c2 29. Rc1 Rb1 30. Rd6 Rxc1 31. Nxc1 Rb8 32. Rc6 Rb2 33. a4 Rb1 34. Rxc2 Ra1 35. Rc4 Rb1 36. a5 Rb7 37. a6 Ra7 38. Ra4 f5 39. Nd3 Kf6 40. Ra5 fxe4 41. fxe4 h5 42. Nxe5 Rxa6 43. Nd7+ Ke6 1-0

[Event "Gatineau Defi Nez rouge B"]
[Site "Gatineau"]
[Date "2008.12.02"]
[Round "2"]
[White "Rainey, Ivan"]
[Black "Duret, Serge"]
[Result "1-0"]
[WhiteElo "1496"]
[BlackElo "1001"]
[PlyCount "49"]
[EventDate "2008.11.25"]
[EventType "swiss"]
[EventRounds "5"]
[EventCountry "CAN"]
[SourceTitle "EXT 2022"]
[Source "ChessBase"]
[SourceDate "2021.10.06"]
[SourceVersion "1"]
[SourceVersionDate "2021.10.06"]
[SourceQuality "1"]

1. d4 d6 2. c4 e6 3. Nc3 Nf6 4. Nf3 Be7 5. Bf4 0-0 6. e3 Nc6 7. a3 b6 8. Bd3 d5 9. Qc2 dxc4 10. Bxc4 Bb7 11. 0-0-0 Na5 12. Bd3 Bxf3 13. gxf3 g6 14. h4 Nh5 15. Bh6 Re8 16. b4 Nb7 17. Bb5 c6 18. Bxc6 Qc7 19. Bxe8 Rxe8 20. Kb1 Rc8 21. Rc1 Nf6 22. Bg5 Nd5 23. Nxd5 Qxc2+ 24. Rxc2 Rxc2 25. Nxe7+ 1-0

[Event "Gatineau Hull CC 29 Ann-B"]
[Site "Gatineau"]
[Date "2008.09.16"]
[Round "2"]
[White "Duret, Serge"]
[Black "Carriere, Stephen"]
[Result "0-1"]
[WhiteElo "1021"]
[BlackElo "1290"]
[PlyCount "80"]
[EventDate "2008.09.09"]
[EventType "swiss"]
[EventRounds "5"]
[EventCountry "CAN"]
[SourceTitle "EXT 2022"]
[Source "ChessBase"]
[SourceDate "2021.10.06"]
[SourceVersion "1"]
[SourceVersionDate "2021.10.06"]
[SourceQuality "1"]

1. e4 g6 2. Nf3 d6 3. Bc4 Bg4 4. h3 Bxf3 5. Qxf3 Nf6 6. Nc3 Bg7 7. e5 dxe5 8. Qxb7 Nbd7 9. Nd5 0-0 10. Nxc7 Rb8 11. Ne6 Rxb7 12. Nxd8 Rxd8 13. 0-0 Rc7 14. d3 e6 15. Bd2 e4 16. Bc3 exd3 17. cxd3 Nc5 18. Ba5 Rcd7 19. Bxd8 Rxd8 20. Rad1 Nh5 21. b4 Na4 22. Rd2 Bc3 23. Rc2 Bxb4 24. Rb1 a5 25. Rb3 Nc5 26. Rb1 Nxd3 27. Bxd3 Rxd3 28. Rbc1 Nf4 29. Kh2 Bd6 30. g3 Nh5 31. Rc8+ Kg7 32. Ra8 Rd2 33. Kg2 Bxg3 34. Rf1 Rxa2 35. Kf3 Ra3+ 36. Kg4 f5+ 37. Kg5 Bf4+ 38. Kh4 Kh6 39. Rg1 g5+ 40. Rxg5 Bxg5# 0-1

[Event "Quebec-ch qual"]
[Site "Gatineau"]
[Date "2008.03.18"]
[Round "2"]
[White "Duret, Serge"]
[Black "Berthiaume, Serge"]
[Result "0-1"]
[WhiteElo "1071"]
[BlackElo "1264"]
[PlyCount "64"]
[EventDate "2008.03.11"]
[EventType "swiss"]
[EventRounds "5"]
[EventCountry "CAN"]
[SourceTitle "EXT 2011"]
[Source "ChessBase"]
[SourceDate "2010.11.26"]
[SourceVersion "1"]
[SourceVersionDate "2010.11.26"]
[SourceQuality "1"]

1. e4 e5 2. Nf3 Nc6 3. Bc4 Bc5 4. Nc3 Nh6 5. d3 Ng4 6. Be3 Bxe3 7. fxe3 Nxe3 8. Qe2 Nxc4 9. dxc4 d6 10. 0-0 0-0 11. h3 f5 12. Qf2 fxe4 13. Nxe4 Nd4 14. Qd2 Nxf3+ 15. Rxf3 Rxf3 16. gxf3 Bxh3 17. Ng5 Qd7 18. Qd5+ Kf8 19. Nxh7+ Ke7 20. Ng5 Rf8 21. Nxh3 Qxh3 22. Kf2 c6 23. Qe4 Rf4 24. Qd3 Qh2+ 25. Ke3 Qg3 26. Rf1 e4 27. Qe2 Ke6 28. Qf2 Rxf3+ 29. Qxf3 exf3 30. Rxf3 Qe5+ 31. Kd2 Qd4+ 32. Kc1 g5 0-1

[Event "Gatineau Monarque Noir 2nd"]
[Site "Gatineau"]
[Date "2008.02.12"]
[Round "5"]
[White "Berthiaume, Patrick"]
[Black "Duret, Serge"]
[Result "1-0"]
[WhiteElo "1098"]
[BlackElo "1035"]
[PlyCount "61"]
[EventDate "2008.01.15"]
[EventType "swiss"]
[EventRounds "7"]
[EventCountry "CAN"]
[SourceTitle "EXT 2011"]
[Source "ChessBase"]
[SourceDate "2010.11.26"]
[SourceVersion "1"]
[SourceVersionDate "2010.11.26"]
[SourceQuality "1"]

1. e4 c5 2. Nf3 d6 3. Bc4 Nc6 4. Nc3 Nf6 5. 0-0 g6 6. Ng5 Ne5 7. Bb5+ Bd7 8. Bxd7+ Qxd7 9. d4 cxd4 10. Qxd4 Bh6 11. Nh3 Bxc1 12. Raxc1 Qg4 13. Qa4+ Nfd7 14. Nd5 0-0 15. Nxe7+ Kg7 16. f3 Qe6 17. Nd5 Rfc8 18. Ng5 Qe8 19. f4 Nc6 20. Qa3 Nd4 21. Qxd6 Ne2+ 22. Kf2 Nxc1 23. Nc7 Qf8 24. Qxf8+ Nxf8 25. Nxa8 Rxa8 26. Rxc1 Rd8 27. Re1 Ne6 28. Nxe6+ fxe6 29. Kf3 Rd2 30. Re2 Rxe2 31. Kxe2 1-0

[Event "Gatineau Roger Roy Memorial"]
[Site "Gatineau"]
[Date "2007.11.13"]
[Round "5"]
[White "Duret, Serge"]
[Black "Briere, Gilles"]
[Result "1-0"]
[WhiteElo "1312"]
[BlackElo "1062"]
[PlyCount "68"]
[EventDate "2007.10.16"]
[EventType "swiss"]
[EventRounds "5"]
[EventCountry "CAN"]
[SourceTitle "EXT 2022"]
[Source "ChessBase"]
[SourceDate "2021.10.06"]
[SourceVersion "1"]
[SourceVersionDate "2021.10.06"]
[SourceQuality "1"]

1. e4 c5 2. Nf3 g6 3. d4 Bg7 4. dxc5 Nc6 5. Bc4 e6 6. Ng5 Qa5+ 7. Nc3 Bxc3+ 8. Bd2 Bxd2+ 9. Qxd2 Qxd2+ 10. Kxd2 Nh6 11. Rad1 Ne5 12. Bb3 0-0 13. Kc1 f6 14. Nf3 Nxf3 15. gxf3 f5 16. e5 f4 17. Ba4 Rf7 18. Rd6 Nf5 19. Rd3 Kf8 20. Rhd1 Ke8 21. b4 a6 22. Kb1 Kd8 23. b5 axb5 24. Bxb5 Rb8 25. Rb3 Kc7 26. a4 b6 27. cxb6+ Rxb6 28. Kb2 d5 29. Ra1 Nd4 30. Rb4 Nxb5 31. Rxb5 Rxb5+ 32. axb5 Kb6 33. Ra6+ Bxa6 34. bxa6 Kxa6 1-0

[Event "Gatineau Hull CC 28 Ann-B"]
[Site "Gatineau"]
[Date "2007.10.09"]
[Round "5"]
[White "Berthiaume, Patrick"]
[Black "Duret, Serge"]
[Result "1-0"]
[WhiteElo "1037"]
[BlackElo "1086"]
[PlyCount "87"]
[EventDate "2007.09.11"]
[EventType "swiss"]
[EventRounds "5"]
[EventCountry "CAN"]
[SourceTitle "EXT 2022"]
[Source "ChessBase"]
[SourceDate "2021.10.06"]
[SourceVersion "1"]
[SourceVersionDate "2021.10.06"]
[SourceQuality "1"]

1. e4 c5 2. Nc3 Nc6 3. Nf3 d6 4. Bc4 Nf6 5. 0-0 Bg4 6. h3 Bxf3 7. Qxf3 Ne5 8. Qe2 g6 9. Bb3 e6 10. f4 Nc6 11. d3 Nd4 12. Qe3 b5 13. Ne2 Nxe2+ 14. Qxe2 Bh6 15. c3 0-0 16. g4 Nd7 17. g5 Bg7 18. Be3 f6 19. Bxe6+ Kh8 20. Bb3 fxg5 21. fxg5 h6 22. gxh6 Be5 23. Rxf8+ Nxf8 24. Bd5 Rb8 25. d4 cxd4 26. cxd4 Bg3 27. Qg4 Qh4 28. Qxh4 Bxh4 29. Bf4 Rb6 30. Rc1 g5 31. Be3 Kh7 32. Rc8 Ng6 33. Rc7+ Kxh6 34. Rxa7 Nf4 35. Bxf4 gxf4 36. Ra3 Bg3 37. Rf3 Kh5 38. Kg2 b4 39. a3 bxa3 40. bxa3 Rb2+ 41. Kf1 Kh4 42. Be6 Rf2+ 43. Rxf2 Bxf2 44. Kxf2 1-0

[Event "Gatineau Hull CC 28 Ann-B"]
[Site "Gatineau"]
[Date "2007.09.25"]
[Round "3"]
[White "Rainey, Ivan"]
[Black "Duret, Serge"]
[Result "1-0"]
[WhiteElo "1251"]
[BlackElo "1086"]
[PlyCount "61"]
[EventDate "2007.09.11"]
[EventType "swiss"]
[EventRounds "5"]
[EventCountry "CAN"]
[SourceTitle "EXT 2022"]
[Source "ChessBase"]
[SourceDate "2021.10.06"]
[SourceVersion "1"]
[SourceVersionDate "2021.10.06"]
[SourceQuality "1"]

1. e4 c5 2. Nf3 Nc6 3. d4 d6 4. dxc5 dxc5 5. Qxd8+ Nxd8 6. Be3 b6 7. Bb5+ Bd7 8. Bxd7+ Kxd7 9. 0-0 Nb7 10. Rd1+ Ke8 11. Nc3 e6 12. Nb5 Rc8 13. Nxa7 Rd8 14. Rxd8+ Nxd8 15. c4 Bd6 16. Nb5 Bb8 17. a3 f6 18. b4 Ne7 19. bxc5 bxc5 20. Bxc5 Kf7 21. a4 Nb7 22. Be3 Nc6 23. Bb6 Be5 24. Nxe5+ Nxe5 25. c5 Nc4 26. c6 Nxb6 27. cxb7 Nc4 28. a5 Rb8 29. a6 Nb6 30. a7 Rxb7 31. Nd6+ 1-0